=LDR 00000nam 2200000 4500 =001 INLIS000000000027142 =005 20130612125535 =008 ***********************************Ind** =035 ##$$0010-061300000027142 =041 ##$$a Ind =082 ##$$a 650 =090 ##$$a 650, Jok m =100 ##$$a Joko, Sri =245 ##$$a Manajemen kuantitatif untuk bisnis, Sri Joko =260 ##$$a 2005 $b Malang =300 ##$$a xv, 209 hlm, ilus, 22 cm =650 ##$$a Manajemen Bisnis =850 ##$$a NBPNMAT